|
|
|
|
| LEADER |
00758nam a2200193 a 4500 |
| 001 |
GR-MES7508 |
| 008 |
001206s1970 gr 000 0 gre d |
| 040 |
|
|
|a GrPaTEI
|b gre
|c GR-PaULI
|
| 040 |
|
|
|a GrPaTEI
|b gre
|c GR-PaULI
|
| 245 |
0 |
4 |
|a The structure of english orthography =
|b Janua linguarum /
|c Richard Venezky.
|
| 260 |
|
|
|a The Hague :
|b Mouton,
|c 1970
|
| 300 |
|
|
|a 162 σελ.
|
| 650 |
|
4 |
|a ΑΓΓΛΙΚΗ ΓΛΩΣΣΑ
|
| 650 |
|
4 |
|a ΟΡΘΟΓΡΑΦΙΑ
|
| 700 |
1 |
|
|a VENEZSKY, RICHARD
|
| 942 |
|
|
|2 ddc
|
| 952 |
|
|
|0 0
|1 0
|2 ddc
|4 0
|6 421_520000000000000_VEN
|7 0
|9 277851
|a MSLG
|b MSLG
|c BSC
|d 2021-01-17
|e 24
|f 0
|g 0.00
|l 0
|o 421.52 VEN
|p 2420000016783
|r 2021-01-17 00:00:00
|t 1
|w 2021-01-17
|y BK15
|x 20001206 0 1
|x GrPaTEI
|
| 971 |
|
|
|a .b2585978x
|b 15-04-20
|c 14-09-16
|
| 999 |
|
|
|c 161542
|d 161542
|